Scrap tyre management : The united states perspective (Record no. 68461)

MARC details
000 -LEADER
fixed length control field 00373nam a2200133Ia 4500
100 ## - MAIN ENTRY--AUTHOR NAME
Personal name Serumgard J R
245 #0 - TITLE STATEMENT
Title Scrap tyre management : The united states perspective
260 ## - PUBLICATION, DISTRIBUTION, ETC. (IMPRINT)
Name of publisher Progress in Rubber and Plastics Technology
Year of publication 1996
300 ## - PHYSICAL DESCRIPTION
Number of Pages 121-134
650 ## - SUBJECT ADDED ENTRY--TOPICAL TERM
Topical Term Scrap tyre
650 ## - SUBJECT ADDED ENTRY--TOPICAL TERM
Topical Term Tyre industry
942 ## - ADDED ENTRY ELEMENTS (KOHA)
Koha item type Journals
Holdings
Withdrawn status Lost status Damaged status Not for loan Home library Current library Shelving location Date acquired Serial Enumeration / chronology Koha item type
      Journals RRII Library RRII Library Rubber chemistry 17/12/2021 Volume 12, Issue 2 Journals